Κατάλογος Βιβλιοθηκών Mediterranean College

Financial Reporting, Financial Statement Analysis, and Valuation / A Strategic Perspective: Sixth Edition (Record no. 6258)

MARC details
000 -LEADER
fixed length control field 01658cam a22002294a 4500
005 - ΗΜΕΡΟΜΗΝΙΑ ΚΑΙ ΩΡΑ ΤΕΛΕΥΤΑΙΑΣ ΕΝΗΜΕΡΩΣΗΣ
Πεδίο ελέγχου 20250605164237.0
008 - FIXED-LENGTH DATA ELEMENTS--GENERAL INFORMATION
Πεδίο ελέγχου σταθερού μήκους 250528s ||||||||||||||||||||||||d
035 ## - SYSTEM CONTROL NUMBER
System control number 21190
020 ## - ISBN
ISBN 9780324302950
040 ## - ΠΗΓΗ ΚΑΤΑΛΟΓΟΓΡΑΦΗΣΗΣ
Φορέας πρωτότυπης καταλογογράφησης MC Athens Campus Library
Γλώσσα καταλογογράφησης Ελληνικά, Μοντέρνα (1453-)
Modifying agency MC Athens Campus Library
Κανόνες περιγραφικής καταλογογράφησης AACR2
245 1# - ΤΙΤΛΟΣ ΚΑΙ ΔΗΛΩΣΗ ΥΠΕΥΘΥΝΟΤΗΤΑΣ
Τίτλος Financial Reporting, Financial Statement Analysis, and Valuation / A Strategic Perspective: Sixth Edition
250 ## - EDITION STATEMENT
Edition statement 6th
260 ## - PUBLICATION, DISTRIBUTION, ETC.
Name of publisher, distributor, etc. Thomson,
Date of publication, distribution, etc. 2007
300 ## - PHYSICAL DESCRIPTION
Extent 1130
520 ## - SUMMARY, ETC.
Summary, etc. This book provides students with resources that demonstrate the applications of financial analysis. Preface, Overview of Financial Reporting and Financial Statement Analysis and Valuation, Asset and Liability Valuation and Income Measurement, Income Flows Versus Cash Flows: Key Relationships in the Dynamics of a Business, Profitability Analysis, Risk Analysis, Quality of Accounting Information and Adjustments to Reported Financial Statement Data, Revenue Recognition and Related Expenses, Liability Recognition and Related Expenses, Intercorporate Entities, Forecasting Financial Statements, Risk-Adjusted Expected Rates of Return and the Dividends Valuation Approach, Valuation: Cash-Flow-Based Approaches, Valuation: Earnings-Based Approaches, Valuation: Market-Based Approaches, Financial Statements and Notes for PepsiCo Inc. and Subsidiaries, Management's Discussion and Analysis for PepsiCo Inc. and Subsidiaries, Financial Statement Analysis Package (FSAP), User Manual for Financial Statement Analysis Package (FSAP), Index.
700 1# - ΠΡΟΣΘΕΤΗ ΑΝΑΓΡΑΦΗ--ΦΥΣΙΚΟ ΠΡΟΣΩΠΟ
Personal name Brown Paul R
9 (RLIN) 7216
700 1# - ΠΡΟΣΘΕΤΗ ΑΝΑΓΡΑΦΗ--ΦΥΣΙΚΟ ΠΡΟΣΩΠΟ
Personal name Stickney Clyde P
9 (RLIN) 6303
700 1# - ΠΡΟΣΘΕΤΗ ΑΝΑΓΡΑΦΗ--ΦΥΣΙΚΟ ΠΡΟΣΩΠΟ
Personal name Wahlen James M
9 (RLIN) 7217
942 ## - ADDED ENTRY ELEMENTS (KOHA)
Koha item type Books
Holdings
Τύπος τεκμηρίου Βιβλιοθήκη Τρέχουσα τοποθεσία Barcode Αριθμός εισαγωγής Ημερομηνία απόκτησης Ταξιθετικό σύμβολο Αριθμός αντιτύπου Κατάσταση απόσυρσης Κατάσταση χαμένου Κατάσταση κατεστραμμένου Μη δανεισμός Σύνολο δανεισμών Ημερομηνία τελευταίας εμφάνισης Η τιμή ισχύει από
Books MC Athens Campus Library MC Athens Campus Library 9780000062574 4851 05/06/2025 657.3 STI 1           05/06/2025 05/06/2025

MC Athens Campus Library
Πατησίων 94 & Κοδριγκτώνος 13, 104 34
Πελλήνης 8 & Πατησίων 107, 112 51
Τ: +30 210 8899600

MC Thessaloniki Campus Library
Ίωνος Δραγούμη 21, 54625 | Ίωνος Δραγούμη 15, 54625
Τ: +30 2310 287779 – Τ: +30 2314 440300